[Event "SWE-chT 1718 Superettan"]
[Site "Sweden"]
[Date "2018.03.17"]
[Round "8"]
[White "Virolainen, Victor"]
[Black "Larsson, Johan"]
[Result "0-1"]
[WhiteElo "2173"]
[BlackElo "2184"]
[PlyCount "70"]
[EventDate "2017.10.20"]
[EventType "team-tourn"]
[EventRounds "9"]
[EventCountry "SWE"]
[SourceTitle "EXT 2019"]
[Source "ChessBase"]
[SourceDate "2018.10.10"]
[SourceVersion "1"]
[SourceVersionDate "2018.10.10"]
[SourceQuality "1"]
[WhiteTeam "Orgryte"]
[BlackTeam "Umea Rockaden"]
[WhiteTeamCountry "SWE"]
[BlackTeamCountry "SWE"]

1. d4 Nf6 2. Nf3 g6 3. c4 Bg7 4. Nc3 0-0 5. e4 d6 6. Be2 e5 7. 0-0 Nc6 8. d5 Ne7 9. Ne1 Nd7 10. Nd3 f5 11. f3 f4 12. g4 g5 13. Bd2 Ng6 14. Rc1 Nf6 15. c5 h5 16. h3 hxg4 17. hxg4 Rf7 18. Nb5 Bf8 19. Be1 Rh7 20. Kg2 a6 21. Na3 dxc5 22. Nxc5 Bxc5 23. Rxc5 Qf8 24. Bb4 Bxg4 25. Rh1 Rxh1 26. Qxh1 Nh4+ 27. Kf2 a5 28. Rxa5 Qxb4 29. Rxa8+ Kg7 30. Qd1 Qc5+ 31. Ke1 Qe3 32. Qd3 Nxf3+ 33. Kd1 Qg1+ 34. Kc2 Nd4+ 35. Kc3 Bxe2 0-1

[Event "SWE-chT 1516 Superettan"]
[Site "Sweden"]
[Date "2015.11.08"]
[Round "3"]
[White "Virolainen, Victor"]
[Black "Cederberg, Karl Olof"]
[Result "1-0"]
[WhiteElo "2175"]
[BlackElo "2206"]
[PlyCount "133"]
[EventDate "2015.11.06"]
[EventType "team-tourn"]
[EventRounds "9"]
[EventCountry "SWE"]
[SourceTitle "EXT 2018"]
[Source "ChessBase"]
[SourceDate "2017.10.13"]
[SourceVersion "1"]
[SourceVersionDate "2017.10.13"]
[SourceQuality "1"]
[WhiteTeam "Orgryte"]
[BlackTeam "Upsala"]
[WhiteTeamCountry "SWE"]
[BlackTeamCountry "SWE"]

1. e4 e5 2. Nf3 d6 3. d4 Nf6 4. Nc3 Nbd7 5. Bc4 Be7 6. 0-0 0-0 7. Re1 c6 8. a4 b6 9. h3 a6 10. Bd3 Qc7 11. Bg5 Re8 12. Ne2 Nf8 13. c3 Ng6 14. b3 h6 15. Be3 Bf8 16. Qc2 Bd7 17. Rec1 Qb7 18. b4 b5 19. a5 Rac8 20. Qb1 c5 21. d5 c4 22. Bc2 Nh5 23. Kh2 Ngf4 24. Nxf4 Nxf4 25. Ng1 g6 26. g3 Nh5 27. Rf1 Bg7 28. Bd2 Rf8 29. Qd1 f5 30. exf5 Qxd5 31. Be3 Qc6 32. fxg6 Nf6 33. Qd2 Ne4 34. Bxe4 Qxe4 35. Bxh6 Bc6 36. f3 Qxg6 37. Bxg7 Kxg7 38. Rae1 Rce8 39. Qe3 Re7 40. Rd1 Rf6 41. Rd2 Ref7 42. h4 Kf8 43. g4 Rf4 44. h5 Qf6 45. Nh3 Rxg4 46. fxg4 Qxf1 47. Rf2 Rxf2+ 48. Qxf2+ Qxf2+ 49. Nxf2 d5 50. Kg3 d4 51. cxd4 exd4 52. Kf4 Kg7 53. Ke5 d3 54. Kd4 Kh6 55. Nxd3 cxd3 56. Kxd3 Kg5 57. Kd4 Kxg4 58. Kc5 Kxh5 59. Kb6 Bd7 60. Kxa6 Kg5 61. Kb6 Bh3 62. Kxb5 Kf6 63. a6 Ke6 64. Kc6 Bg2+ 65. Kc7 Kd5 66. b5 Kc5 67. b6 1-0

[Event "SWE-chT 1415 Elite"]
[Site "Sweden"]
[Date "2015.01.31"]
[Round "5"]
[White "Virolainen, Victor"]
[Black "Ornstein, Axel"]
[Result "0-1"]
[WhiteElo "2155"]
[BlackElo "2329"]
[PlyCount "76"]
[EventDate "2014.11.21"]
[EventType "team-tourn"]
[EventRounds "9"]
[EventCountry "SWE"]
[SourceTitle "EXT 2016"]
[Source "ChessBase"]
[SourceDate "2015.10.08"]
[SourceVersion "1"]
[SourceVersionDate "2015.10.08"]
[SourceQuality "1"]
[WhiteTeam "Orgryte"]
[BlackTeam "Eksjo"]
[WhiteTeamCountry "SWE"]
[BlackTeamCountry "SWE"]

1. e4 e5 2. Nf3 Nc6 3. Bb5 a6 4. Ba4 Nf6 5. d3 d6 6. c3 Bd7 7. Nbd2 g6 8. Nf1 Bg7 9. h3 Qe7 10. Qe2 0-0 11. Bb3 Na5 12. Bc2 d5 13. g4 dxe4 14. dxe4 Bb5 15. Bd3 Rfd8 16. Bxb5 axb5 17. Ng3 Nb3 18. Rb1 Nc5 19. a3 Nd3+ 20. Kf1 Nf4 21. Qc2 Rd7 22. Be3 Rad8 23. Ne1 Qe6 24. f3 Bf8 25. Rh2 Bc5 26. Qf2 Qc4+ 27. Kg1 Rd2 28. Bxc5 Rxf2 29. Bxf2 Qa2 30. Rc1 Qxb2 31. Be3 Qxa3 32. Bxf4 exf4 33. Ne2 Rd2 34. Rc2 Rd1 35. Kf2 b4 36. cxb4 Qe3+ 37. Kf1 Qxf3+ 38. Rf2 Qxh3+ 0-1

[Event "SWE-chT 1415 Elite"]
[Site "Sweden"]
[Date "2015.01.17"]
[Round "4"]
[White "Virolainen, Victor"]
[Black "Brynell, Stellan"]
[Result "1-0"]
[WhiteElo "2155"]
[BlackElo "2456"]
[PlyCount "79"]
[EventDate "2014.11.21"]
[EventType "team-tourn"]
[EventRounds "9"]
[EventCountry "SWE"]
[SourceTitle "EXT 2016"]
[Source "ChessBase"]
[SourceDate "2015.10.08"]
[SourceVersion "1"]
[SourceVersionDate "2015.10.08"]
[SourceQuality "1"]
[WhiteTeam "Orgryte"]
[BlackTeam "Limhamn"]
[WhiteTeamCountry "SWE"]
[BlackTeamCountry "SWE"]

1. e4 e6 2. d4 d5 3. Nc3 Nf6 4. e5 Nfd7 5. f4 c5 6. Nf3 Nc6 7. Be3 cxd4 8. Nxd4 Bc5 9. Qd2 0-0 10. 0-0-0 a6 11. Kb1 Nxd4 12. Bxd4 b5 13. g4 Qc7 14. Qe3 Bb7 15. Bd3 Bxd4 16. Qxd4 Rac8 17. Rhe1 Qc5 18. Ne2 f6 19. exf6 gxf6 20. Bxh7+ Kxh7 21. Qd3+ Kg7 22. Nd4 Rfe8 23. Nxe6+ Rxe6 24. Rxe6 Nf8 25. Ree1 Ng6 26. g5 Qc4 27. Qf5 Rf8 28. Qd7+ Rf7 29. gxf6+ Kxf6 30. Qe6+ Kg7 31. f5 Rf6 32. Qd7+ Rf7 33. Qe6 Rf6 34. Qd7+ Rf7 35. f6+ Kxf6 36. Re6+ Kg7 37. Rxg6+ Kxg6 38. Rg1+ Kf6 39. Qd6+ Kf5 40. Qg6+ 1-0

[Event "SWE-chT 1415 Elite"]
[Site "Sweden"]
[Date "2014.11.22"]
[Round "2"]
[White "Virolainen, Victor"]
[Black "Karlsson, Lars"]
[Result "0-1"]
[WhiteElo "2155"]
[BlackElo "2434"]
[PlyCount "98"]
[EventDate "2014.11.21"]
[EventType "team-tourn"]
[EventRounds "9"]
[EventCountry "SWE"]
[SourceTitle "EXT 2016"]
[Source "ChessBase"]
[SourceDate "2015.10.08"]
[SourceVersion "1"]
[SourceVersionDate "2015.10.08"]
[SourceQuality "1"]
[WhiteTeam "Orgryte"]
[BlackTeam "Stockholm Rockaden"]
[WhiteTeamCountry "SWE"]
[BlackTeamCountry "SWE"]

1. e4 g6 2. d4 Bg7 3. Nc3 d6 4. Bc4 Nf6 5. h3 0-0 6. Nf3 c5 7. d5 b5 8. Nxb5 Nxe4 9. 0-0 a6 10. Na3 Nf6 11. Re1 Nbd7 12. Bb3 Nb6 13. c4 e6 14. dxe6 Bxe6 15. Ng5 Qd7 16. Be3 Bf5 17. Bc2 Rfd8 18. Qe2 Bxc2 19. Qxc2 Qc6 20. Rad1 Rac8 21. b3 h6 22. Nf3 d5 23. Ne5 Qb7 24. cxd5 Nbxd5 25. Nac4 Nb4 26. Qe2 Nfd5 27. Qf3 Qc7 28. Ng4 Nc2 29. Nxh6+ Bxh6 30. Bxh6 Nxe1 31. Rxe1 Re8 32. Rd1 Rcd8 33. g3 Ne7 34. Rf1 Nf5 35. Bg5 Nd4 36. Qf6 Qb7 37. f3 Qc7 38. f4 Rd5 39. Qb6 Qd7 40. g4 Ne6 41. Qxa6 Rd1 42. Ne3 Rxf1+ 43. Nxf1 Qd4+ 44. Kg2 Qd5+ 45. Kg3 Nd4 46. Nh2 Re2 47. Qc8+ Kh7 48. Bh6 Qg2+ 49. Kh4 Ne6 0-1

[Event "SWE-chT 1011"]
[Site "Sweden"]
[Date "2010.11.14"]
[Round "5"]
[White "Lund, Silas"]
[Black "Virolainen, Victor"]
[Result "1-0"]
[WhiteElo "2401"]
[BlackElo "2127"]
[PlyCount "139"]
[EventDate "2010.10.08"]
[EventType "team-tourn"]
[EventRounds "11"]
[EventCountry "SWE"]
[SourceTitle "EXT 2012"]
[Source "ChessBase"]
[SourceDate "2011.11.24"]
[SourceVersion "1"]
[SourceVersionDate "2011.11.24"]
[SourceQuality "1"]
[WhiteTeam "Lunds"]
[BlackTeam "Orgryte"]
[WhiteTeamCountry "SWE"]
[BlackTeamCountry "SWE"]

1. d4 e6 2. c4 f5 3. g3 Nf6 4. Bg2 d5 5. Nh3 c6 6. 0-0 Bd6 7. Bf4 Be7 8. Qc2 0-0 9. Nd2 h6 10. Bxb8 Rxb8 11. Nf4 Qe8 12. Nf3 g5 13. Nd3 Bd6 14. Nfe5 Nd7 15. f4 Bxe5 16. fxe5 Qe7 17. Rac1 Nb6 18. b3 Bd7 19. a4 Na8 20. Nc5 h5 21. Qd2 Be8 22. cxd5 exd5 23. h4 Nc7 24. Bh3 g4 25. Bg2 Ne6 26. Nxe6 Qxe6 27. Rf2 Kg7 28. Qa5 Qe7 29. Qxa7 Bd7 30. Qc5 Qxc5 31. Rxc5 b6 32. Rc1 Ra8 33. e3 Rfc8 34. Rfc2 Ra5 35. Bf1 c5 36. b4 Rxa4 37. bxc5 bxc5 38. Rxc5 Rxc5 39. Rxc5 Be6 40. Rc7+ Kg6 41. Bb5 Ra1+ 42. Kf2 Ra2+ 43. Ke1 Bf7 44. Rc6+ Kg7 45. e6 Bg6 46. Rc7+ Kf6 47. e7 Ra1+ 48. Kd2 Ra2+ 49. Kd1 Ra1+ 50. Rc1 Rxc1+ 51. Kxc1 Kxe7 52. Kd2 Kd6 53. Kc3 Bf7 54. Kb4 Bg6 55. Ba6 Bf7 56. Bc8 Bg6 57. Kb5 Bh7 58. Kb6 Bg6 59. Ba6 Be8 60. Bb5 Bf7 61. Kb7 Ke7 62. Kc6 Be8+ 63. Kc5 Bf7 64. Bc6 Be6 65. Bxd5 Bc8 66. Bc6 Ba6 67. d5 Be2 68. d6+ Kd8 69. Kd4 Bf3 70. Bb5 1-0

[Event "SWE-chT 1011"]
[Site "Sweden"]
[Date "2010.11.13"]
[Round "4"]
[White "Penalver, Osmani"]
[Black "Virolainen, Victor"]
[Result "1-0"]
[WhiteElo "2264"]
[BlackElo "2127"]
[PlyCount "63"]
[EventDate "2010.10.08"]
[EventType "team-tourn"]
[EventRounds "11"]
[EventCountry "SWE"]
[SourceTitle "EXT 2012"]
[Source "ChessBase"]
[SourceDate "2011.11.24"]
[SourceVersion "1"]
[SourceVersionDate "2011.11.24"]
[SourceQuality "1"]
[WhiteTeam "Limhamn"]
[BlackTeam "Orgryte"]
[WhiteTeamCountry "SWE"]
[BlackTeamCountry "SWE"]

1. d4 e6 2. c4 f5 3. Nf3 Nf6 4. g3 d5 5. Bg2 c6 6. 0-0 Bd6 7. b3 Qe7 8. Bb2 b6 9. Qc1 Bb7 10. Ba3 Bxa3 11. Nxa3 Nbd7 12. Qb2 0-0 13. Rfd1 Ne4 14. e3 g5 15. Ne5 Nxe5 16. dxe5 g4 17. Nc2 Ng5 18. Ne1 Rad8 19. f4 gxf3 20. Nxf3 dxc4 21. bxc4 Nxf3+ 22. Bxf3 Qc5 23. Rd4 f4 24. gxf4 Rxd4 25. exd4 Qxc4 26. Qd2 Rd8 27. Rd1 Ba6 28. f5 Kh8 29. f6 Rf8 30. Kh1 Qa4 31. Rg1 Qa5 32. Qg5 1-0

[Event "SWE-chT 0809"]
[Site "Sweden"]
[Date "2009.01.17"]
[Round "6"]
[White "Ahlander, Bjorn"]
[Black "Virolainen, Victor"]
[Result "1-0"]
[WhiteElo "2524"]
[BlackElo "2214"]
[PlyCount "63"]
[EventDate "2008.10.25"]
[EventType "team-tourn"]
[EventRounds "11"]
[EventCountry "SWE"]
[SourceTitle "EXT 2011"]
[Source "ChessBase"]
[SourceDate "2010.11.26"]
[SourceVersion "1"]
[SourceVersionDate "2010.11.26"]
[SourceQuality "1"]

1. d4 Nf6 2. c4 c5 3. e3 g6 4. Nf3 Bg7 5. Nc3 0-0 6. Be2 d6 7. 0-0 Na6 8. h3 Bf5 9. b3 cxd4 10. Nxd4 Bd7 11. Bf3 Nc5 12. Bb2 Rb8 13. Qc2 a6 14. a4 a5 15. Rad1 Qb6 16. Rfe1 Ne6 17. Nxe6 Bxe6 18. Nb5 Qc5 19. Bd4 Qg5 20. e4 Nd7 21. Be3 Qf6 22. Nd4 Ne5 23. Be2 Bd7 24. Qc1 Nc6 25. Bf1 Nb4 26. Bg5 Qe5 27. Nf3 Qe6 28. c5 Bc6 29. Bc4 Qd7 30. cxd6 e5 31. Be7 Rfc8 32. Ng5 1-0